000 00426nam a2200181Ia 4500
005 20250423094512.0
008 250422s9999 xx 000 0 und d
020 _a0-13-103805-2
050 _aQ 335 .R86/
100 _aStuart J. Russell
245 0 _aArtificial Intelligence
260 _aNew Jersey
260 _bPrentice Hall
260 _c1995
300 _a932 p
650 _aArtifcial Inteligence
942 _cBK
999 _c27426
_d27426